[Event "OP-2018-0-04587"]
[Site "LSS email"]
[Date "2018.05.16"]
[Round "?"]
[White "Edwardson, Zachariah"]
[Black "Van der Meer, Heine"]
[Result "1-0"]
[WhiteElo "1319"]
[BlackElo "1612"]
[PlyCount "35"]
[EventDate "2018.05.10"]
[EventType "tourn (corr)"]
[EventRounds "4"]
[EventCountry "GER"]
[SourceTitle "Corr 2022"]
[Source "ChessBase"]
[SourceDate "2021.10.24"]
[SourceVersion "1"]
[SourceVersionDate "2021.10.24"]
[SourceQuality "1"]

1. e4 e5 2. Nf3 Nc6 3. Bb5 a6 4. Bxc6 dxc6 5. 0-0 Bd6 6. d4 exd4 7. Nxd4 Ne7 8. Be3 0-0 9. f4 b6 10. c4 Re8 11. Nc3 Nf5 12. Nxf5 Bxf5 13. Qf3 Qe7 14. e5 Bc5 15. Rfe1 Bxe3+ 16. Qxe3 f6 17. Rad1 Rad8 18. exf6 1-0

[Event "OP-2018-0-04587"]
[Site "LSS email"]
[Date "2018.05.16"]
[Round "?"]
[White "Van der Meer, Heine"]
[Black "Bobisek, Jan"]
[Result "0-1"]
[WhiteElo "1612"]
[BlackElo "800"]
[PlyCount "38"]
[EventDate "2018.05.10"]
[EventType "tourn (corr)"]
[EventRounds "4"]
[EventCountry "GER"]
[SourceTitle "Corr 2022"]
[Source "ChessBase"]
[SourceDate "2021.10.24"]
[SourceVersion "1"]
[SourceVersionDate "2021.10.24"]
[SourceQuality "1"]

1. e4 c6 2. d4 d5 3. e5 Bf5 4. Nc3 e6 5. g4 Bg6 6. Nge2 Bb4 7. Nf4 Ne7 8. h4 h6 9. h5 Bh7 10. Bd3 Bxd3 11. Qxd3 Nd7 12. Bd2 c5 13. Nce2 Bxd2+ 14. Qxd2 cxd4 15. Nd3 Nc6 16. f4 a5 17. 0-0-0 Nb6 18. b3 a4 19. Kb1 Qe7 0-1

[Event "SD-2017-0-00279"]
[Site "LSS email"]
[Date "2017.08.31"]
[Round "?"]
[White "Van der Meer, Heine"]
[Black "Gomez Galan Arense, Joaquin"]
[Result "0-1"]
[WhiteElo "1646"]
[BlackElo "1726"]
[PlyCount "50"]
[EventDate "2017.05.25"]
[EventType "tourn (corr)"]
[EventRounds "6"]
[EventCountry "GER"]
[SourceTitle "Corr 2022"]
[Source "ChessBase"]
[SourceDate "2021.10.24"]
[SourceVersion "1"]
[SourceVersionDate "2021.10.24"]
[SourceQuality "1"]

1. d4 d5 2. c4 e6 3. Nc3 Nf6 4. Nf3 c6 5. e3 Nbd7 6. Bd3 dxc4 7. Bxc4 b5 8. Bd3 Bb7 9. 0-0 a6 10. e4 c5 11. d5 Qc7 12. dxe6 fxe6 13. Bc2 Bd6 14. Ng5 Nf8 15. f4 0-0-0 16. Qe2 h6 17. Nf3 Bxf4 18. e5 Bxf3 19. Qxf3 Bxe5 20. Qa8+ Kd7 21. Qxa6 Bxh2+ 22. Kh1 b4 23. Ne2 Ke7 24. Bf4 Bxf4 25. Nxf4 g5 0-1

[Event "SD-2017-0-00279"]
[Site "LSS email"]
[Date "2017.08.31"]
[Round "?"]
[White "Van der Meer, Heine"]
[Black "Sirotkin, Evgenji"]
[Result "0-1"]
[WhiteElo "1646"]
[BlackElo "1592"]
[PlyCount "48"]
[EventDate "2017.05.25"]
[EventType "tourn (corr)"]
[EventRounds "6"]
[EventCountry "GER"]
[SourceTitle "Corr 2022"]
[Source "ChessBase"]
[SourceDate "2021.10.24"]
[SourceVersion "1"]
[SourceVersionDate "2021.10.24"]
[SourceQuality "1"]

1. d4 Nf6 2. c4 e6 3. Nc3 d5 4. Nf3 Be7 5. Bf4 0-0 6. e3 Nbd7 7. h3 c5 8. cxd5 Nxd5 9. Nxd5 exd5 10. Be2 Qa5+ 11. Qd2 Qxd2+ 12. Kxd2 c4 13. a3 Nf6 14. Rhc1 Be6 15. Ke1 b5 16. Ng5 Bd7 17. g4 a5 18. Be5 a4 19. Nf3 Ne4 20. Nd2 f5 21. Nxe4 fxe4 22. Bg3 b4 23. axb4 Bxb4+ 24. Kf1 Bd2 0-1

[Event "SC-2016-0-00310"]
[Site "LSS email"]
[Date "2016.12.03"]
[Round "?"]
[White "Evans, Stan"]
[Black "Van der Meer, Heine"]
[Result "1-0"]
[WhiteElo "1653"]
[BlackElo "1640"]
[PlyCount "47"]
[EventDate "2016.10.29"]
[EventType "tourn (corr)"]
[EventRounds "6"]
[EventCountry "GER"]
[SourceTitle "Corr 2022"]
[Source "ChessBase"]
[SourceDate "2021.10.24"]
[SourceVersion "1"]
[SourceVersionDate "2021.10.24"]
[SourceQuality "1"]

1. e4 c5 2. Nf3 Nc6 3. Bb5 g6 4. Bxc6 bxc6 5. 0-0 d6 6. e5 d5 7. h3 Bg7 8. Nc3 Ba6 9. d3 e6 10. b3 Ne7 11. Na4 c4 12. dxc4 dxc4 13. Nc5 Qc8 14. Ba3 Nd5 15. Ne4 Bf8 16. Bxf8 Kxf8 17. Nd6 Qc7 18. bxc4 Nb6 19. Qd2 Kg7 20. Qa5 Bc8 21. Ng5 Rf8 22. Rfd1 Rb8 23. Rab1 Qe7 24. Nge4 1-0

[Event "SC-2016-0-00310"]
[Site "LSS email"]
[Date "2016.12.03"]
[Round "?"]
[White "Van der Meer, Heine"]
[Black "Martins, Karin"]
[Result "0-1"]
[WhiteElo "1640"]
[BlackElo "1799"]
[PlyCount "50"]
[EventDate "2016.10.29"]
[EventType "tourn (corr)"]
[EventRounds "6"]
[EventCountry "GER"]
[SourceTitle "Corr 2022"]
[Source "ChessBase"]
[SourceDate "2021.10.24"]
[SourceVersion "1"]
[SourceVersionDate "2021.10.24"]
[SourceQuality "1"]

1. d4 d5 2. c4 e6 3. Nc3 Nf6 4. cxd5 exd5 5. Bg5 Be7 6. e3 0-0 7. Bd3 c6 8. Qc2 Nbd7 9. Nf3 Re8 10. 0-0 h6 11. Bh4 Ne4 12. Bxe7 Qxe7 13. b4 b6 14. b5 Nxc3 15. Qxc3 c5 16. dxc5 bxc5 17. a4 Qf6 18. Qxf6 Nxf6 19. Rfc1 c4 20. Bc2 Kf8 21. Nd4 Ke7 22. a5 Bd7 23. Rcb1 Reb8 24. f3 Kd6 25. Kf2 Ne8 0-1

[Event "SC-2016-0-00306"]
[Site "LSS email"]
[Date "2016.10.30"]
[Round "?"]
[White "Malmstrom, Jan"]
[Black "Van der Meer, Heine"]
[Result "1/2-1/2"]
[WhiteElo "1792"]
[BlackElo "1638"]
[PlyCount "87"]
[EventDate "2016.09.29"]
[EventType "tourn (corr)"]
[EventRounds "6"]
[EventCountry "GER"]
[SourceTitle "Corr 2022"]
[Source "ChessBase"]
[SourceDate "2021.10.24"]
[SourceVersion "1"]
[SourceVersionDate "2021.10.24"]
[SourceQuality "1"]

1. e4 c5 2. Nc3 Nc6 3. g3 g6 4. Bg2 Bg7 5. d3 d6 6. f4 e6 7. Nf3 Nge7 8. 0-0 0-0 9. Bd2 Rb8 10. Rb1 b5 11. a3 Qc7 12. Ne2 a5 13. Be3 b4 14. Qd2 Ba6 15. axb4 axb4 16. b3 Bb7 17. Rfc1 Rfd8 18. Bf2 Ra8 19. d4 Ra2 20. Ra1 Ra3 21. Rd1 Rda8 22. Rab1 Rd8 23. Ra1 Rda8 24. Rac1 Qa5 25. dxc5 dxc5 26. e5 Rd8 27. Qe1 Rxd1 28. Rxd1 Ra2 29. c4 bxc3 30. Nxc3 Rc2 31. Ne4 Nb4 32. Nfg5 Qc7 33. Nxf7 Bxe4 34. Bxe4 Kxf7 35. Bxc2 Nxc2 36. Qc3 Nb4 37. Qc4 Bf8 38. Bxc5 Nbd5 39. Ra1 Nb6 40. Qb5 Ned5 41. b4 Nd7 42. Bf2 Nc3 43. Qd3 Nb6 44. Ra6 1/2-1/2

[Event "RD-2016-0-00132"]
[Site "LSS email"]
[Date "2016.10.16"]
[Round "?"]
[White "Van der Meer, Heine"]
[Black "Barna, Zsolt"]
[Result "1/2-1/2"]
[WhiteElo "1633"]
[BlackElo "1588"]
[PlyCount "52"]
[EventDate "2016.04.15"]
[EventType "tourn (corr)"]
[EventRounds "6"]
[EventCountry "GER"]
[SourceTitle "Corr 2022"]
[Source "ChessBase"]
[SourceDate "2021.10.24"]
[SourceVersion "1"]
[SourceVersionDate "2021.10.24"]
[SourceQuality "1"]

1. e4 e5 2. Nf3 Nc6 3. Bb5 a6 4. Ba4 Nf6 5. 0-0 Nxe4 6. d4 b5 7. Bb3 Be7 8. dxe5 Nc5 9. Bd5 Bb7 10. Nc3 0-0 11. Re1 Rb8 12. Bf4 Ne6 13. Be3 b4 14. Ne4 Nxe5 15. Nxe5 Bxd5 16. Qxd5 Rb5 17. Nxf7 Rxd5 18. Nxd8 Rxd8 19. Rad1 Rxd1 20. Rxd1 d5 21. Ng3 Bf6 22. b3 c5 23. f4 Kf7 24. Kf2 g6 25. f5 Nd4 26. fxg6+ hxg6 1/2-1/2

[Event "RD-2016-0-00132"]
[Site "LSS email"]
[Date "2016.10.16"]
[Round "?"]
[White "Van der Meer, Heine"]
[Black "Correa de Almeida, Claudio"]
[Result "1-0"]
[WhiteElo "1633"]
[BlackElo "1511"]
[PlyCount "121"]
[EventDate "2016.04.15"]
[EventType "tourn (corr)"]
[EventRounds "6"]
[EventCountry "GER"]
[SourceTitle "Corr 2022"]
[Source "ChessBase"]
[SourceDate "2021.10.24"]
[SourceVersion "1"]
[SourceVersionDate "2021.10.24"]
[SourceQuality "1"]

1. e4 c5 2. c3 d5 3. exd5 Qxd5 4. d4 Nf6 5. Nf3 g6 6. Na3 Bg7 7. Bc4 Qe4+ 8. Be3 0-0 9. 0-0 cxd4 10. cxd4 Bg4 11. Ng5 Qxe3 12. fxe3 Bxd1 13. Raxd1 Nbd7 14. e4 e5 15. Nb5 exd4 16. Nd6 Ne5 17. Bb3 Nfd7 18. Ngxf7 Nxf7 19. Nxf7 Nc5 20. Bd5 a5 21. e5 d3 22. Rc1 Na6 23. a3 h6 24. Nxh6+ Kh7 25. Nf7 Rae8 26. Rf3 Bxe5 27. Nxe5 Rxe5 28. Rxf8 Rxd5 29. Rf7+ Kh6 30. Rxb7 Re5 31. Rd1 Nc5 32. Rc7 a4 33. g3 Kh5 34. h3 Kh6 35. Kg2 g5 36. Rc6+ Kg7 37. Kf3 Kf7 38. Rxc5 Rxc5 39. Rxd3 Rb5 40. Rd4 Ra5 41. Kg4 Ke6 42. Rb4 Kf6 43. Rb6+ Kf7 44. Kh5 Ke7 45. Kg6 Kd7 46. h4 gxh4 47. gxh4 Kc7 48. Rf6 Rb5 49. h5 Rxb2 50. h6 Rg2+ 51. Kf7 Rh2 52. Kg7 Rg2+ 53. Rg6 Re2 54. h7 Re7+ 55. Kg8 Re8+ 56. Kf7 Rd8 57. Rg8 Rd7+ 58. Kg6 Rd6+ 59. Kf5 Rd5+ 60. Ke4 Rh5 61. h8Q 1-0

[Event "RD-2016-0-00132"]
[Site "LSS email"]
[Date "2016.10.16"]
[Round "?"]
[White "Van der Meer, Heine"]
[Black "Sofia, Gerardo"]
[Result "1-0"]
[WhiteElo "1633"]
[BlackElo "1443"]
[PlyCount "75"]
[EventDate "2016.04.15"]
[EventType "tourn (corr)"]
[EventRounds "6"]
[EventCountry "GER"]
[SourceTitle "Corr 2022"]
[Source "ChessBase"]
[SourceDate "2021.10.24"]
[SourceVersion "1"]
[SourceVersionDate "2021.10.24"]
[SourceQuality "1"]

1. e4 c6 2. d4 d5 3. Nc3 dxe4 4. Nxe4 Bf5 5. Ng3 Bg6 6. h4 h6 7. h5 Bh7 8. Nf3 Nd7 9. Bd3 Bxd3 10. Qxd3 Qc7 11. Bd2 e6 12. 0-0-0 Ngf6 13. Ne4 0-0-0 14. g3 Nxe4 15. Qxe4 Nf6 16. Qe2 Rd5 17. c4 Rxh5 18. Bf4 Qe7 19. Rhe1 g5 20. g4 Rh3 21. Bg3 h5 22. d5 Nxg4 23. dxc6 bxc6 24. Qe4 Qc5 25. b4 Qb6 26. Qd3 Nf6 27. c5 Bxc5 28. bxc5 Qxc5+ 29. Kb2 Rxg3 30. fxg3 Nd5 31. Ka1 Nb4 32. Qd7+ Kb8 33. Rc1 Qd5 34. Qxd5 Nxd5 35. Nxg5 Rg8 36. Nxf7 Rxg3 37. Rxe6 Nb4 38. Ne5 1-0

[Event "LSS No Engine Cup 134 Final"]
[Site "LSS email"]
[Date "2016.01.18"]
[Round "?"]
[White "Van Bommel, Ton"]
[Black "Van der Meer, Heine"]
[Result "1/2-1/2"]
[WhiteElo "2287"]
[BlackElo "1967"]
[PlyCount "73"]
[EventDate "2016.01.19"]
[EventType "tourn (corr)"]
[EventRounds "6"]
[EventCountry "GER"]
[SourceTitle "Corr 2022"]
[Source "ChessBase"]
[SourceDate "2021.10.24"]
[SourceVersion "1"]
[SourceVersionDate "2021.10.24"]
[SourceQuality "1"]

1. d4 d5 2. e4 dxe4 3. Nc3 Nf6 4. f3 Bf5 5. g4 Bg6 6. g5 Nd5 7. Nxe4 e5 8. dxe5 Nc6 9. Bc4 Ndb4 10. Bf4 Qd4 11. Qxd4 Nxc2+ 12. Kf2 N2xd4 13. Ne2 Ne6 14. Bxe6 fxe6 15. Rad1 Bxe4 16. fxe4 Bc5+ 17. Kg3 Rd8 18. h4 0-0 19. h5 a5 20. Kg4 Nb4 21. g6 hxg6 22. hxg6 Nd3 23. Bg3 Be3 24. Rhf1 Rxf1 25. Rxf1 Rd7 26. Bf4 Bxf4 27. Nxf4 Nxe5+ 28. Kh5 Rd6 29. Rc1 Nc6 30. b3 Rd4 31. Nxe6 Rxe4 32. Nc5 Re5+ 33. Kh4 b6 34. Nd3 Re6 35. Nf4 Re4 36. Rxc6 Rxf4+ 37. Kg5 1/2-1/2

[Event "RD-2015-0-00123"]
[Site "LSS email"]
[Date "2015.11.19"]
[Round "?"]
[White "Van der Meer, Heine"]
[Black "Linart, Ludvik"]
[Result "0-1"]
[WhiteElo "1640"]
[BlackElo "1570"]
[PlyCount "58"]
[EventDate "2015.09.15"]
[EventType "tourn (corr)"]
[EventRounds "6"]
[EventCountry "GER"]
[SourceTitle "Corr 2022"]
[Source "ChessBase"]
[SourceDate "2021.10.24"]
[SourceVersion "1"]
[SourceVersionDate "2021.10.24"]
[SourceQuality "1"]

1. d4 d5 2. Bg5 Nc6 3. Nc3 f6 4. Bh4 e5 5. e3 exd4 6. exd4 Bb4 7. Bb5 Nge7 8. Qh5+ g6 9. Qf3 Nf5 10. Bg3 Nfxd4 11. Qe3+ Kf7 12. 0-0-0 Bxc3 13. Bxc6 Bxb2+ 14. Kxb2 Nxc6 15. Nf3 Na5 16. Qd4 Nc4+ 17. Ka1 c6 18. h4 Bf5 19. Qc3 Qa5 20. Qb3 b6 21. Nd4 Bd7 22. Nf3 Bg4 23. Rd4 Bxf3 24. Qxf3 Rhe8 25. h5 Re3 26. hxg6+ hxg6 27. Rh7+ Kg8 28. Rh8+ Kg7 29. Rh7+ Kxh7 0-1

[Event "LSS No Engine Cup 134 Preliminary 0"]
[Site "LSS email"]
[Date "2015.07.08"]
[Round "?"]
[White "Drobotov, Gennady Sergeevich"]
[Black "Van der Meer, Heine"]
[Result "0-1"]
[WhiteElo "1806"]
[BlackElo "1600"]
[PlyCount "71"]
[EventDate "2015.07.09"]
[EventType "tourn (corr)"]
[EventRounds "6"]
[EventCountry "GER"]
[SourceTitle "Corr 2022"]
[Source "ChessBase"]
[SourceDate "2021.10.24"]
[SourceVersion "1"]
[SourceVersionDate "2021.10.24"]
[SourceQuality "1"]

1. d4 Nf6 2. c4 c5 3. d5 b5 4. Nd2 bxc4 5. e4 c3 6. bxc3 g6 7. Rb1 Bg7 8. Ngf3 0-0 9. Bd3 d6 10. 0-0 Nbd7 11. Qc2 Qc7 12. Re1 Ng4 13. Nc4 Ba6 14. h3 Bxc4 15. Bxc4 Nge5 16. Nxe5 Nxe5 17. Be2 Rfb8 18. Be3 Rxb1 19. Rxb1 Rb8 20. Rxb8+ Qxb8 21. Qb3 Nd7 22. Qxb8+ Nxb8 23. Bd2 Nd7 24. Bb5 Nb6 25. a4 Kf8 26. a5 Na8 27. Bc6 Nc7 28. f4 e6 29. dxe6 fxe6 30. Kf2 Kf7 31. g4 c4 32. Kf3 h6 33. h4 h5 34. g5 Ke7 35. Be1 a6 36. Ke3 0-1

[Event "LSS No Engine Cup 134 Preliminary 0"]
[Site "LSS email"]
[Date "2015.07.08"]
[Round "?"]
[White "Van der Meer, Heine"]
[Black "Shim Ng Min, Francis"]
[Result "1-0"]
[WhiteElo "1600"]
[BlackElo "1482"]
[PlyCount "63"]
[EventDate "2015.07.09"]
[EventType "tourn (corr)"]
[EventRounds "6"]
[EventCountry "GER"]
[SourceTitle "Corr 2022"]
[Source "ChessBase"]
[SourceDate "2021.10.24"]
[SourceVersion "1"]
[SourceVersionDate "2021.10.24"]
[SourceQuality "1"]

1. e4 c5 2. Nf3 d6 3. c3 Nf6 4. Be2 e5 5. 0-0 Be7 6. d4 exd4 7. cxd4 0-0 8. Nc3 cxd4 9. Nxd4 Nc6 10. Be3 Nxd4 11. Qxd4 Bd7 12. f3 Bc6 13. Rfd1 a6 14. Rac1 Qa5 15. Bc4 Rac8 16. b4 Qh5 17. Bf4 Rfd8 18. Bb3 h6 19. a4 b5 20. Qa7 bxa4 21. Nxa4 Bxa4 22. Bxa4 Bf8 23. Rxc8 Rxc8 24. Qxa6 Rc3 25. Bxd6 Bxd6 26. Qxd6 Qg5 27. Qd2 Re3 28. h4 Qf4 29. b5 Nh5 30. b6 Ng3 31. b7 Ne2+ 32. Kf2 1-0

[Event "LSS No Engine Cup 134 Preliminary 0"]
[Site "LSS email"]
[Date "2015.07.08"]
[Round "?"]
[White "Zmolil, Karel"]
[Black "Van der Meer, Heine"]
[Result "0-1"]
[WhiteElo "1647"]
[BlackElo "1600"]
[PlyCount "62"]
[EventDate "2015.07.09"]
[EventType "tourn (corr)"]
[EventRounds "6"]
[EventCountry "GER"]
[SourceTitle "Corr 2022"]
[Source "ChessBase"]
[SourceDate "2021.10.24"]
[SourceVersion "1"]
[SourceVersionDate "2021.10.24"]
[SourceQuality "1"]

1. e4 g6 2. d4 Bg7 3. Nf3 d6 4. h3 Nf6 5. Bd3 Nc6 6. c3 e5 7. d5 Ne7 8. Be3 c6 9. c4 0-0 10. 0-0 b5 11. b3 bxc4 12. bxc4 cxd5 13. cxd5 Nfxd5 14. Bd2 Nf4 15. Bc4 d5 16. Bb3 dxe4 17. Ng5 Ba6 18. Re1 Nf5 19. Nxe4 Nd3 20. Nbc3 Nxe1 21. Qxe1 Nd4 22. Ba4 Rc8 23. Rb1 f5 24. Ng3 Bc4 25. Nf1 Bd3 26. Rb7 Rc7 27. Rxc7 Qxc7 28. Ne3 Qb7 29. Ned5 f4 30. f3 Rd8 31. Qh4 Rxd5 0-1

[Event "RD-2015-0-00113"]
[Site "LSS email"]
[Date "2015.05.20"]
[Round "?"]
[White "Cuaycong, Virgilio"]
[Black "Van der Meer, Heine"]
[Result "1/2-1/2"]
[WhiteElo "1383"]
[BlackElo "1584"]
[PlyCount "59"]
[EventDate "2014.12.25"]
[EventType "tourn (corr)"]
[EventRounds "6"]
[EventCountry "GER"]
[SourceTitle "Corr 2022"]
[Source "ChessBase"]
[SourceDate "2021.10.24"]
[SourceVersion "1"]
[SourceVersionDate "2021.10.24"]
[SourceQuality "1"]

1. d4 d5 2. c4 c6 3. Nf3 Nf6 4. Nc3 dxc4 5. a4 Bf5 6. e3 Nbd7 7. Bxc4 e6 8. 0-0 Bb4 9. Qe2 0-0 10. e4 Bg6 11. Bd3 Bh5 12. e5 Nd5 13. Nxd5 cxd5 14. Qe3 Bg6 15. Bxg6 hxg6 16. Ng5 Be7 17. Nf3 Rc8 18. Bd2 Nb8 19. Rfc1 Qb6 20. Qd3 Rxc1+ 21. Rxc1 Nc6 22. Rc2 Bb4 23. h3 Bxd2 24. Rxd2 Qb4 25. b3 Na5 26. Rb2 Rc8 27. Rc2 Rc6 28. Rxc6 Nxc6 29. g3 Na5 30. Nd2 1/2-1/2

[Event "RC-2015-0-00170"]
[Site "LSS email"]
[Date "2015.05.20"]
[Round "?"]
[White "Trusewicz, Aleksandra"]
[Black "Van der Meer, Heine"]
[Result "1-0"]
[WhiteElo "1882"]
[BlackElo "1590"]
[PlyCount "89"]
[EventDate "2015.01.26"]
[EventType "tourn (corr)"]
[EventRounds "6"]
[EventCountry "GER"]
[SourceTitle "Corr 2022"]
[Source "ChessBase"]
[SourceDate "2021.10.24"]
[SourceVersion "1"]
[SourceVersionDate "2021.10.24"]
[SourceQuality "1"]

1. d4 d5 2. c4 c6 3. Nc3 Nf6 4. Nf3 dxc4 5. a4 Bf5 6. e3 e6 7. Bxc4 Bb4 8. 0-0 Nbd7 9. Nh4 Bg4 10. f3 Bh5 11. g4 Bg6 12. e4 0-0 13. g5 Ne8 14. Nxg6 hxg6 15. Be3 Nd6 16. Be2 e5 17. dxe5 Nxe5 18. Qb3 Qa5 19. Kg2 Bc5 20. Bc1 Qb6 21. Qxb6 axb6 22. f4 Nd7 23. Rd1 Rfd8 24. Rb1 Ne8 25. b4 Be7 26. Be3 Nc7 27. Rb2 Na6 28. b5 Nac5 29. Rbd2 Nf8 30. Rxd8 Rxd8 31. Rxd8 Bxd8 32. bxc6 bxc6 33. a5 Bc7 34. a6 Bb8 35. Na2 Nfe6 36. e5 Kf8 37. Nb4 Nd8 38. Bf3 Ba7 39. Kf2 Ke7 40. Bxc5+ bxc5 41. Nxc6+ Nxc6 42. Bxc6 f6 43. Kf3 fxg5 44. fxg5 Ke6 45. Ke4 1-0

[Event "RD-2015-0-00113"]
[Site "LSS email"]
[Date "2015.05.20"]
[Round "?"]
[White "Van der Meer, Heine"]
[Black "Hansen, Michael Bo"]
[Result "0-1"]
[WhiteElo "1584"]
[BlackElo "800"]
[PlyCount "70"]
[EventDate "2014.12.25"]
[EventType "tourn (corr)"]
[EventRounds "6"]
[EventCountry "GER"]
[SourceTitle "Corr 2022"]
[Source "ChessBase"]
[SourceDate "2021.10.24"]
[SourceVersion "1"]
[SourceVersionDate "2021.10.24"]
[SourceQuality "1"]

1. d4 Nf6 2. Bg5 e6 3. Nf3 c5 4. c3 d5 5. e3 Nbd7 6. Nbd2 Be7 7. Bd3 b6 8. Qa4 0-0 9. Ne5 Bb7 10. 0-0 c4 11. Nxd7 Nxd7 12. Bxe7 Qxe7 13. Be2 Rfc8 14. Qc2 b5 15. f4 b4 16. e4 dxe4 17. Nxe4 Rab8 18. Bf3 bxc3 19. bxc3 Qa3 20. Rab1 Bd5 21. Qc1 Qa5 22. Qc2 h6 23. Nd6 Rf8 24. Bxd5 exd5 25. Nf5 Rxb1 26. Rxb1 Re8 27. Rb7 Nf6 28. Nd6 Rf8 29. Nf5 Ne4 30. Ne7+ Kh8 31. Rb4 Re8 32. Nc6 Qa3 33. Ne5 f6 34. Ng6+ Kh7 35. f5 Nxc3 0-1

[Event "RC-2015-0-00169"]
[Site "LSS email"]
[Date "2015.04.07"]
[Round "?"]
[White "Korinek, Jaroslav"]
[Black "Van der Meer, Heine"]
[Result "1-0"]
[WhiteElo "1690"]
[BlackElo "1584"]
[PlyCount "73"]
[EventDate "2015.01.17"]
[EventType "tourn (corr)"]
[EventRounds "6"]
[EventCountry "GER"]
[SourceTitle "Corr 2022"]
[Source "ChessBase"]
[SourceDate "2021.10.24"]
[SourceVersion "1"]
[SourceVersionDate "2021.10.24"]
[SourceQuality "1"]

1. e4 e5 2. Nf3 Nc6 3. Bb5 a6 4. Ba4 Nf6 5. 0-0 b5 6. Bb3 Be7 7. d4 d6 8. dxe5 dxe5 9. Qxd8+ Bxd8 10. a4 b4 11. Be3 Be7 12. Nbd2 Bd6 13. a5 0-0 14. Ne1 Be6 15. Bxe6 fxe6 16. f3 Nd7 17. Nb3 Rab8 18. Nd3 Rb5 19. Rfd1 Be7 20. Bf2 Bd6 21. Kf1 g6 22. h4 Kg7 23. Ke2 h6 24. Be3 Rd8 25. Rdc1 Rf8 26. c3 Rd8 27. Rc2 bxc3 28. Rxc3 Nb4 29. Nbc1 Rc8 30. Nxb4 Rxb4 31. Nd3 Rb5 32. b4 Kf7 33. Rac1 h5 34. Rc6 Ra8 35. Nb2 Rxb4 36. Nc4 Rb7 37. Rxd6 1-0

[Event "RC-2015-0-00169"]
[Site "LSS email"]
[Date "2015.04.07"]
[Round "?"]
[White "Van der Meer, Heine"]
[Black "Habes, Jiri"]
[Result "1/2-1/2"]
[WhiteElo "1584"]
[BlackElo "1825"]
[PlyCount "82"]
[EventDate "2015.01.17"]
[EventType "tourn (corr)"]
[EventRounds "6"]
[EventCountry "GER"]
[SourceTitle "Corr 2022"]
[Source "ChessBase"]
[SourceDate "2021.10.24"]
[SourceVersion "1"]
[SourceVersionDate "2021.10.24"]
[SourceQuality "1"]

1. d4 Nf6 2. c4 e6 3. Nc3 Bb4 4. e3 0-0 5. Bd3 d5 6. Nf3 c5 7. 0-0 Nc6 8. a3 Bxc3 9. bxc3 b6 10. cxd5 exd5 11. Ne5 Qc7 12. Nxc6 Qxc6 13. f3 Re8 14. Re1 h5 15. Qe2 Bd7 16. Qf2 Qc8 17. Bd2 c4 18. Bc2 Bf5 19. Bxf5 Qxf5 20. a4 Qc2 21. Rec1 Qh7 22. Rcb1 Rab8 23. Rb2 a6 24. Rab1 Qg6 25. Qh4 Rb7 26. h3 Re6 27. Qe1 Qf5 28. Qe2 h4 29. e4 dxe4 30. Qxc4 exf3 31. Rf1 Rb8 32. Rxf3 Qa5 33. Bf4 Rd8 34. Kh2 Rde8 35. Rbf2 b5 36. axb5 axb5 37. Qd3 Nd5 38. Bd2 f6 39. g3 hxg3+ 40. Rxg3 R8e7 41. Qf3 Qd8 1/2-1/2

[Event "RC-2015-0-00169"]
[Site "LSS email"]
[Date "2015.04.07"]
[Round "?"]
[White "Vergara Rodriguez, Jose Antonio"]
[Black "Van der Meer, Heine"]
[Result "0-1"]
[WhiteElo "1544"]
[BlackElo "1584"]
[PlyCount "210"]
[EventDate "2015.01.17"]
[EventType "tourn (corr)"]
[EventRounds "6"]
[EventCountry "GER"]
[SourceTitle "Corr 2022"]
[Source "ChessBase"]
[SourceDate "2021.10.24"]
[SourceVersion "1"]
[SourceVersionDate "2021.10.24"]
[SourceQuality "1"]

1. e4 e5 2. Nf3 Nc6 3. Bc4 Nf6 4. Ng5 d5 5. exd5 Na5 6. Bb5+ c6 7. dxc6 bxc6 8. Qf3 Rb8 9. Bxc6+ Nxc6 10. Qxc6+ Nd7 11. d3 Be7 12. Ne4 0-0 13. 0-0 Bb7 14. Qa4 f5 15. Nec3 Kh8 16. b4 Rf6 17. a3 Ra6 18. Qb3 Rg6 19. f3 e4 20. dxe4 Bd6 21. Nd5 Qh4 22. f4 Nf6 23. Ra2 Ba6 24. c4 Bc5+ 25. Be3 Ng4 26. g3 Nxe3 27. Nxe3 Rxg3+ 28. hxg3 Qxg3+ 29. Kh1 Bxe3 30. Qd1 Bxc4 31. Rf3 Qh4+ 32. Rh2 Rd8 33. Rxh4 Rxd1+ 34. Kg2 Bd4 35. Nc3 Rg1+ 36. Kh2 Rc1 37. Rhh3 Rc2+ 38. Kh1 fxe4 39. Re3 Rc1+ 40. Kh2 Bf1 41. Rhg3 h5 42. Nd5 Bxe3 43. Rxe3 Bd3 44. Rh3 Be2 45. Rc3 Rd1 46. Rc5 Rd2 47. Kg3 Rd3+ 48. Kf2 Bg4 49. Ne3 Bf3 50. Nf5 Rxa3 51. b5 Ra2+ 52. Ke3 Re2+ 53. Kd4 Rd2+ 54. Ke3 Rd3+ 55. Kf2 Kg8 56. Rc7 Bg4 57. Rxg7+ Kf8 58. Rg5 Rf3+ 59. Ke1 Rxf4 60. Ne3 Bf3 61. Rc5 Kg8 62. Kf2 Bg4+ 63. Ke1 Kg7 64. Rc4 Bf3 65. Ra4 Rf7 66. Nc4 Re7 67. Nd2 Bh1 68. Ra3 Kf6 69. Rh3 Bf3 70. Nxf3 exf3+ 71. Kf2 Re5 72. Rh4 Rxb5 73. Ra4 a5 74. Kxf3 Kg5 75. Kg3 Rd5 76. Kg2 Rf5 77. Kg3 Kf6 78. Kg2 Ke6 79. Rd4 Ke5 80. Ra4 Kd6 81. Kg3 Kc6 82. Ra1 Kb5 83. Rb1+ Kc4 84. Ra1 Kb3 85. Rb1+ Ka2 86. Re1 a4 87. Re2+ Kb3 88. Re3+ Kb4 89. Re4+ Kb5 90. Re1 a3 91. Re3 Kb4 92. Re4+ Kb3 93. Re3+ Kb2 94. Re2+ Kc1 95. Re1+ Kd2 96. Re8 Ra5 97. Rd8+ Kc3 98. Rc8+ Kb4 99. Rb8+ Ka4 100. Rf8 a2 101. Rf4+ Kb3 102. Rf3+ Kc4 103. Rf4+ Kd3 104. Rf3+ Ke4 105. Rf4+ Ke5 0-1

[Event "OP-2015-0-03669"]
[Site "LSS email"]
[Date "2015.03.12"]
[Round "?"]
[White "Souply, Yves"]
[Black "Van der Meer, Heine"]
[Result "0-1"]
[WhiteElo "1720"]
[BlackElo "1617"]
[PlyCount "30"]
[EventDate "2015.03.06"]
[EventType "tourn (corr)"]
[EventRounds "4"]
[EventCountry "GER"]
[SourceTitle "Corr 2022"]
[Source "ChessBase"]
[SourceDate "2021.10.24"]
[SourceVersion "1"]
[SourceVersionDate "2021.10.24"]
[SourceQuality "1"]

1. d4 f5 2. g3 Nf6 3. Bg2 g6 4. Nf3 Bg7 5. 0-0 0-0 6. b3 d6 7. Bb2 c6 8. Nbd2 h6 9. c4 Qe8 10. Re1 Ne4 11. Nxe4 fxe4 12. Nd2 d5 13. f3 e3 14. Nf1 dxc4 15. Nxe3 cxb3 0-1